000 00657nam a22002057a 4500
003 OSt
005 20260427092651.0
008 260427b |||||||| |||| 00| 0 eng d
020 _a9-71-120008-2
040 _aOC
_cDWC-Main Liib
082 _aFil. 320 Ar83 1981
100 _aAruego, J.
245 _aPrinciples of political science
_cAruego, Jose M.
260 _aManila:
_bUniversity Book Supply, Inc.,
_cc1981.
300 _axi, 357 pages,
_c22 cm.
504 _aIncludes index.
650 _a1. Political science.
700 _aAruegoTorres, Gloria
_eAuthor
942 _2ddc
_cBK-FIL
_hFil. 320 Ar83 1981
_kFil.
_n0
999 _c9968
_d9968